Hóa môi trường đại cương

Nôi dung sách giới thiệu một số khái niệm liên quan đến vấn đề môi trường, cấu trúc các thành phần môi trường của trái đất cũng như quá trình phát triển của sự sống trên trái đất. Phân tích các vấn đề hoá học của khí quyển, địa quy...

全面介紹

Đã lưu trong:
書目詳細資料
主要作者: Nguyễn, Trung Thành
格式: 圖書
語言:Undetermined
出版: Hà Nội Chính trị quốc gia 2015
主題:
標簽: 添加標簽
沒有標簽, 成為第一個標記此記錄!
Thư viện lưu trữ: Trung tâm Học liệu Trường Đại học Cần Thơ
LEADER 01262nam a2200217Ia 4500
001 CTU_207411
008 210402s9999 xx 000 0 und d
020 |c 45000 
082 |a 577.14 
082 |b Th107 
100 |a Nguyễn, Trung Thành 
245 0 |a Hóa môi trường đại cương 
245 0 |c Nguyễn Trung Thành (chủ biên), Phan Phước Toàn 
260 |a Hà Nội 
260 |b Chính trị quốc gia 
260 |c 2015 
520 |a Nôi dung sách giới thiệu một số khái niệm liên quan đến vấn đề môi trường, cấu trúc các thành phần môi trường của trái đất cũng như quá trình phát triển của sự sống trên trái đất. Phân tích các vấn đề hoá học của khí quyển, địa quyển và thuỷ quyển. Phân tích các chu trình tự nhiên như vòng tuần hoàn nước, chu trình cacbon, chu trình oxi... 
650 |a Environmental chemistry,Pollution,Hoá học môi trường,Ô nhiễm 
650 |x Environmental aspects,Khía cạnh môi trường 
904 |i Qhieu 
980 |a Trung tâm Học liệu Trường Đại học Cần Thơ